Religion Quiz

Random Religion or Numbers Quiz
Score 0/14 Timer 05:00
1 Play Today
Number Papal Name % Correct
XXIIIJohn
96.8%
IAgatho
91%
VIAdrian
85.8%
IIAdeodatus
85.6%
XVIBenedict
83.4%
XIIPius
70.9%
XIIIInnocent
67.7%
Number Papal Name % Correct
VIIIUrban
50.1%
VCelestine
37.7%
IIICallixtus
31.5%
IXBoniface
31.1%
XIVClement
30.6%
VIIAlexander
26.5%
IVAnastasius
16.6%

You're not logged in!

Compare scores with friends on all Sporcle quizzes.
OR
Log In

Sporcle TV

Today on Sporcle TV


Watch our educational content, quiz creation guides, and fun videos on Sporcle TV.

Show Comments

Extras

Top Quizzes Today


Score Distribution

Paid Content

Your Account Isn't Verified!

In order to create a playlist on Sporcle, you need to verify the email address you used during registration. Go to your Sporcle Settings to finish the process.

Report this User

Report this user for behavior that violates our Community Guidelines.

Details: